Vznik politického sionizmu

Zrod politického sionizmu úzko prepojený s túžbou židovského národa po vlastnom, židovskom štáte. Kryštalizácia národných hnutí (židovského, palestínskeho) v 19. a 20. storočí ako novodobý fenomén. Židovský nacionalizmus - sionizmus - ako súčasť európskeho národného hnutia, javu 19. storočia. Faktor...

Descrizione completa

Salvato in:
Dettagli Bibliografici
Autore principale: Kucharčík, Rudolf, 1977-
Natura: Capitolo di libro
Lingua:slovacco
Soggetti:
Tags: Aggiungi Tag
Nessun Tag, puoi essere il primo ad aggiungerne!!

MARC

LEADER 00000naa$a2200000$$$4500
001 0175673
005 20240502073010.8
041 0 |a slo 
044 |a SK 
245 1 0 |a Vznik politického sionizmu  |c Rudolf Kucharčík 
520 |a Zrod politického sionizmu úzko prepojený s túžbou židovského národa po vlastnom, židovskom štáte. Kryštalizácia národných hnutí (židovského, palestínskeho) v 19. a 20. storočí ako novodobý fenomén. Židovský nacionalizmus - sionizmus - ako súčasť európskeho národného hnutia, javu 19. storočia. Faktory, ktoré ovplyvňovali židovskú existenciu počas uplynulých dvoch tisícročí. Politický sionizmus - reakcia na modernizmus západnej Európy a jej osvietenstvo a národné hnutia. 
610 2 0 |a národ 
610 2 0 |a náboženstvo 
610 2 0 |a štát 
610 2 0 |a história 
610 2 0 |a dejiny 
610 2 0 |a politika 
610 2 0 |a Izrael 
610 2 0 |a Palestína 
100 1 |a Kucharčík, Rudolf, 1977-